000 00857nam a2200217 i 4500
001 156702
003 ES-MaACL
005 20251015063140.0
008 040806s1855 fr a |||| | fre d
040 _aCAM
_bspa
_cCAM
100 1 _aLa Fontaine, Jean de,
_d1621-1695
_969147
245 1 0 _aFables de La Fontaine illustrées
_b: précédées de la vie d'Esope et accompagnées des notes de Coste.
250 _aNouvelle édition dans laquelle on aperçoit d'un coup d'oeil la moralité de la fable.
260 _aTours :
_bA.s et Mame et cie imprimeurs-libraires,
_c1855.
300 _a391 p., [1] h. de lám. :
_bil. ;
_c14 cm.
600 0 4 _aEsopo
_947736
650 4 _aFábulas.
_9136149
700 1 _aCoste, Pierre,
_d1668-1747
_941139
852 _aES-MaACL
_jD-3985
_z-- Enc. hol.
_z-- Legado M. de la Fuente
999 _c156702
_d156702